| 000 | 00542nam a2200205 a 4500 | ||
|---|---|---|---|
| 001 | 17394 | ||
| 003 | CO-ViMGA | ||
| 008 | 141112s2004 ck r 000 u spa d | ||
| 020 | _a844780223X | ||
| 040 |
_aCO-ViMGA _bspa _cCO-ViMGA |
||
| 082 | 0 | 4 | _aPUEpe |
| 100 | 1 | _aPuerto, Carlos | |
| 245 | 1 | 0 | _aPerdidos en la ciudad fantasma |
| 260 |
_aBarcelona (EspaƱa), _cEl Arca, _c1994 |
||
| 300 | _a134.p. | ||
| 490 | _aTren de cuerda | ||
| 650 | 1 | 4 |
_aCUENTOS INFANTILES _92743 |
| 650 | 1 | 4 |
_aFANTASMAS - CUENTOS INFANTILES _948121 |
| 942 |
_2ddc _cBK |
||
| 999 |
_c26935 _d26935 |
||